000 01521nam a22004097a 4500
003 CHAP
005 20220329143356.0
008 090127s2008 mx r 00010 spa d
010 _a95704
011 _a96676
035 _a107332
040 _cCHAP
090 _aTesis
100 1 _aLópez López, Iván.
_968037
245 1 0 _aPotencial hídrico en la región fronteriza del Estado de Chiapas
_c/por Iván López López
260 _aChapingo, Méx. :
_bEl autor,
_c2008
300 _a116 h. :
_bgráfs., cuadros
502 _aTesis (Ing. en Irrigación) -- UACH. Departamento de Irrigación
530 _aTambién disponible en línea
590 _aALEPH
_b10
_c20130110
_lUCH01
_h1526
590 _aBATCH-UPD
_b10
_c20130110
_lUCH01
_h0421
590 _aBATCH-UPD
_b10
_c20130110
_lUCH01
_h2037
590 _aBATCH-UPD
_b10
_c20130410
_lUCH01
_h0055
590 _aBATCH-UPD
_b10
_c20130914
_lUCH01
_h0526
590 _aBATCH-UPD
_b10
_c20140324
_lUCH01
_h1508
590 _aBATCH-UPD
_b10
_c20141002
_lUCH01
_h0838
590 _aCONVERSION
_b10
_c20130109
_lUCH01
_h1353
650 1 4 _aBalance hídrico.
_99602
650 1 4 _aCalendario para irrigación.
_917464
650 1 4 _aCultivos
_zChiapas.
_930362
650 1 4 _aPlantas
_xCrecimiento.
_988803
856 _3Finding aid
_uhttp://10.13.5.2/tesis/107332.pdf
_zTeclea aqui
901 _aBK
942 _cFOLL
949 _aTesis
_bBC
_cTES
_d33724002083446
_eTS2
_fc.2
_gDonaciØn
_h48231
_i107332
_sb
949 _aTesis
_bBC
_cTES
_d33724002083488
_eTS1
_gDonaciØn
_h48230
_i107332
_sb
999 _c95704
_d95704